00743nam a2200193Ia 4500001000700000008004100007035001600048041000800064084001300072110006900085245024700154260002700401300002200428650002600450650001600476650001200492650002400504650002100528016960221003s1988 xx 000 0 fre d aCENDO_10398 afre aCD-03786 aGROUPEMENT DE RECHERCHES D'ECHANGES ET DE COMMUNICATIONcParís 0aContribution a une réflexion sur l'insertion des immigrés :bexclus ou parties prenantes de la culture dans la société d'aujourd'hui /crencontres-débats organisées par le Groupement de Recherches, d'échanges et de communication a[París :bGRE,c1988 a95 p. ;c 24 cm. aINSERCION PROFESIONAL aINMIGRACION aFRANCIA aPOLITICA MIGRATORIA aEXCLUSION SOCIAL